Kameruńscy sportowcy - nagła śmierć - Statystyki

Ogólne statystyki
  • Ten quiz został rozwiązany 32 razy
  • Średni wynik to 5 z 10
Answers on the Grid
Answers color-coded by a green-red scale on the quiz's grid according to % correct below.
Samuel Eto'o
Riyad Mahrez
Roger Milla
Jay-Jay Okocha
Caster Semenya
Francis Ngannou
Usain Bolt
Victor Osimhen
Bertrand Traoré
Vincent Aboubakar
Wilfred Ndidi
Alex Song
André Onana
Achraf Hakimi
Jean-Pierre Nsame
Idrissa Gueye
Eric Maxim Choupo-Moting
Israel Adesanya
Vencelas Dabaya
Auriol Dongmo
 
Statystyki odpowiedzi
Odpowiedź % Poprawnych
Samuel Eto'o
100%
Eric Maxim Choupo-Moting
66%
André Onana
62%
Alex Song
55%
Francis Ngannou
41%
Roger Milla
38%
Vincent Aboubakar
38%
Auriol Dongmo
31%
Jean-Pierre Nsame
31%
Vencelas Dabaya
31%
Nie znaleziono quizów pasujących do podanych kryteriów
Rozkład punktacji
Procent ludzi z każdym wynikiem
Percentyl według liczby udzielonych odpowiedzi
Twoja historia wyników
Nie rozwiązałeś tego quizu